LEADER 01738nam a2200325 i 4500 001 000000181852 003 CaOOAMICUS 005 20090923000000.0 008 090923s1982 be u000 u mul u 013 $a159770 020 $a978-2-503-00873-8 040 $aSeMil$bita 245 10$aSancti Aurelii Augustini Contra arrianos opera :$bSermo arrianorum anonymus, Contra sermonem arrianorum, Conlatio cum Maximino, Contra Maximinum libri duo /$ccura et studio Pierre-Marie Hombert. 260 $aTurnholti :$bTypographi Brepols Editores Pontificii,$c1982. 300 $a800 p., [2] c. di tav. ripieg. ;$c26 cm. 490 0 $aCorpus Christianorum. Series Latina ;$v87.A 700 1 $aHombert, Pierre-Marie <1953- >.$0(OLS)http://semarc/name/90647 700 0 $aAugustinus, Aurelius,$c.$0(OLS)http://semarc/name/498 773 0 $tScripta arriana latina.$dTurnholti : Typographi Brepols Editores Pontificii, 1982.$kCorpus Christianorum. Series Latina$g2$w()6575 830 0$aCorpus Christianorum. Series Latina ;$v87.A.$0(OLS)http://semarc/title/37 850 $aSeMil 852 $aSeMil$W1$xVenegono$y1$mSL2.J I 87/A$j132556$B132556$CSeMilBibl$Z2$F144398 $8I 900 1 $aAgostino : d'Ippona. 900 1 $aSant'Agostino. 961 $aSottoscrizione: Brepols 996 $6020$a978-2-503-00873-8$9(OLS)http://semarc/number/171374 996 $6245$aSancti Aurelii Augustini Contra arrianos opera :$bSermo arrianorum anonymus, Contra sermonem arrianorum, Conlatio cum Maximino, Contra Maximinum libri duo$9(OLS)http://semarc/title/260957 996 $6260$aTurnholti :$bTypographi Brepols Editores Pontificii$9(OLS)http://semarc/publisher/30220 LEADER 01131nam a2200265 i 4500 001 000000184801 003 CaOOAMICUS 005 20151008000000.0 008 151008s1976 it u000 u ita u 013 $a162786 040 $aSeMil$bita 100 1 $aPaz, Nestor.$0(OLS)http://semarc/name/67900 240 10$aMy life for my friends.$0(OLS)http://semarc/title/265378 245 13$aLa mia vita per i miei fratelli :$bdiario di un guerrigliero boliviano /$cNéstor Paz. 260 $aAssisi :$bCittadella,$cstampa 1976. 300 $a78 p. ;$c19 cm. 490 0 $aTestimonianza e denuncia 650 4$aAutobiografie.$0(OLS)http://semarc/subject/2396 650 4$aBolivia.$0(OLS)http://semarc/subject/2728 830 0$aTestimonianza e denuncia.$0(OLS)http://semarc/title/6302 850 $aSeMil 852 $aSeMil$W1$xVenegono$y1$m3U I 617$j135493$B135493$CSeMilBibl$Z2$F207476 $81 961 $aOmaggio: Martinelli don Romano 996 $6245$aLa mia vita per i miei fratelli :$bdiario di un guerrigliero boliviano$9(OLS)http://semarc/title/265377 996 $6260$aAssisi :$bCittadella$9(OLS)http://semarc/publisher/29661